El autismo y el desarrollo de la mente / (Record no. 82305)

MARC details
000 -CABECERA
campo de control de longitud fija 00663nam a2200229 a 4500
005 - FECHA Y HORA DE LA ÚLTIMA TRANSACCIÓN
campo de control 20221119063437.0
008 - ELEMENTOS DE LONGITUD FIJA--INFORMACIÓN GENERAL
campo de control de longitud fija 010615s1995 r 000 0 eng d
020 ## - NÚMERO INTERNACIONAL NORMALIZADO PARA LIBROS
Número Internacional Estándar del Libro 8420677124
035 ## - NÚMERO DE CONTROL DEL SISTEMA
Número de control de sistema UPN01000108393
049 ## - COLECCIÓN
Colección CG
050 #4 - SIGNATURA TOPOGRÁFICA DE LA BIBLIOTECA DEL CONGRESO
Número de clasificación RJ506 A9
Número de documento/Ítem H6.38
100 1# - ASIENTO PRINCIPAL--NOMBRE PERSONAL
Nombre de persona Hobson, R. Peter
245 13 - MENCIÓN DE TÍTULO
Título El autismo y el desarrollo de la mente /
Mención de responsabilidad, etc. R. Peter Hobson ; tr. Angel Riviere Gómez.
260 ## - PUBLICACIÓN, DISTRIBUCIÓN, ETC.
Lugar de publicación, distribución, etc. Madrid, Esp. :
Nombre del editor, distribuidor, etc. Alianza,
Fecha de publicación, distribución, etc. 1995.
300 ## - DESCRIPCIÓN FÍSICA
Extensión 294 p.
440 #0 - MENCIÓN DE SERIE/ASIENTO SECUNDARIO--TÍTULO
Título Alianza psicologia minor ;
Designación de volumen o secuencia 12
534 ## - NOTA SOBRE LA VERSIÓN ORIGINAL
Mención de título del original Autism and the development of mind
650 #2 - ASIENTO SECUNDARIO DE MATERIA - TERMINO TEMATICO
Término de materia o nombre geográfico como elemento de entrada Autismo
9 (RLIN) 362
650 #4 - ASIENTO SECUNDARIO DE MATERIA - TERMINO TEMATICO
Término de materia o nombre geográfico como elemento de entrada NIÑOS AUTISTAS
9 (RLIN) 11936
901 ## - ELEMENTOS DE DATOS A LOCAL LDA (RLIN)
a LG/rng
902 ## - ELEMENTOS DE DATOS B LOCAL, LDB (RLIN)
Creó Libro
Holdings
Estado de retiro Estado de pérdida Fuente del sistema de clasificación o colocación Estado dañado No para préstamo Código de colección Localización permanente Ubicación/localización actual Ubicación en estantería Fecha de adquisición Total de préstamos Clasificación Código de barras Fecha visto por última vez Fecha del último préstamo Número de copia Tipo de ítem Koha Renovaciones totales
    Library of Congress Classification     Colección General Bib. Gregorio Torres Quintero Bib. Gregorio Torres Quintero Planta baja 29/05/2023 61 RJ506 A9 H6.38 180714 12/06/2023 29/05/2023 1 Libro  
    Library of Congress Classification     Colección General Bib. Gregorio Torres Quintero Bib. Gregorio Torres Quintero Planta baja 26/08/2022 81 RJ506 A9 H6.38 180712 23/09/2025 26/08/2025 1 Libro 2
    Library of Congress Classification     Colección General Bib. Gregorio Torres Quintero Bib. Gregorio Torres Quintero Planta baja 08/09/2023 80 RJ506 A9 H6.38 180713 25/08/2025 21/08/2025 1 Libro